عرض عادي عرض مارك
  • الأنثروبولوجيا الاجتماعية

مدخل مصطلح موضوعي

عدد التسجيلات المستخدمة في: 1

001 - رقم الضبط

  • حقل الضبط: 88045

003 - معرف رقم الضبط

  • حقل الضبط: OSt

005 - تاريخ ووقت أخر عملية

  • حقل الضبط: 20201004094647.0

008 - عناصر بيانات ثابتة الطول

  • حقل تحكم ثابت الطول: 201004|| aca||aabn | a|a d

040 ## - مصدر الفهرسة

  • هيئة الفهرسة الأصلية: OSt
  • وكالة الكتابة: OSt

150 ## - مدخل-- مصطلح تاريخي

  • عنصر مدخل المصطلح الموضوعي او الاسم الجغرافي: الأنثروبولوجيا الاجتماعية

670 ## - بيانات المصدر موجوده

  • الاستشهاد بالمصدر: Work cat.: (OSt): المصري، إيهاب عيسي 88043, الأنثروبولوجيا وقضايا الإنسان والمجتمع : مفهومها ماهيتها اختباراتها /, 2020